W kierunku Europy regionów : (Rekord nr 26608)
| 000 -Nagłówek | |
|---|---|
| fixed length control field | 01483cam a2200337 i 4500 |
| 001 - Nr kontrolny bibl., która utworzyła rek. | |
| control field | xx002354583 |
| 003 - Siglum bibl., której nr kontr. jest w 001 | |
| control field | NUKAT |
| 005 - Data i czas ostatniej operacji | |
| control field | 20260212101028.0 |
| 008 - Elementy pola stałej długości | |
| fixed length control field | 120204s2011 pl a |000 0 pol c |
| 020 ## - ISBN | |
| ISBN | 9788362129980 |
| dopowiedzenie | (oprawa miękka) |
| 020 ## - ISBN | |
| ISBN | 9788362129959 |
| dopowiedzenie | (oprawa twarda) |
| 035 ## - Systemowy numer kontrolny | |
| systemowy numer kontrolny | (OCoLC)804238002 |
| 035 ## - Systemowy numer kontrolny | |
| systemowy numer kontrolny | (NUKAT)xx002354583 |
| 040 ## - Instytucja sporządzająca opis | |
| Instytucja, która sporządziła opis | WA U/79ZS |
| język katalgowania-trzyzn. kod | pol |
| zasady opisu | rda |
| Instytucja, która sporządziła rekord | WA U/ZS |
| Instytucja, która zmodyfikowała rekord | WA U/79ZSs |
| -- | OLSZT 008/bak |
| 245 00 - Tytuł właściwy i oznaczenie odpow. | |
| tytuł | W kierunku Europy regionów : |
| dodatek do tytułu | analiza socjologiczna / |
| dod. inf. ze s. tyt./ozn. odpow. | pod redakcją Janusza Erenca i Anety Szopny ; Kaszubsko-Pomorska Szkoła Wyższa. |
| 260 ## - Adres wydawniczy | |
| miejsce wydania, dystrybucji itp. | Wejherowo : |
| nazwa wydawcy, dystrybutora itp. | Kaszubsko-Pomorska Szkoła Wyższa w Wejherowie, |
| data wydania, dystrybucji itp. | 2011 |
| miejsce druku | (Gdańsk : |
| nazwa drukarni | przygotowanie do druku i druk Wydawnictwo Maszoperia Literacka). |
| 300 ## - Opis fizyczny | |
| objętość i/lub forma materiału | 378 stron : |
| inne szczegóły opisu fizycznego | ilustracje ; |
| format | 21 cm. |
| 336 ## - Content Type | |
| Term | Tekst |
| Code | txt |
| Source | rdacontent |
| 337 ## - Media Type | |
| Term | Bez urządzenia pośredniczącego |
| Code | n |
| Source | rdamedia |
| 338 ## - Carrier Type | |
| Term | Wolumin |
| Code | nc |
| Source | rdacarrier |
| 650 #7 - Hasło przedmiotowe-nazwa pospolita | |
| nazwa pospolita lub geogr. | Regionalizm |
| określnik geograficzny | Europa |
| określnik chronologiczny | 1990-. |
| źródło hasła | kaba |
| 9 (RLIN) | 36525 |
| 650 #7 - Hasło przedmiotowe-nazwa pospolita | |
| nazwa pospolita lub geogr. | Socjologia |
| określnik chronologiczny | 1990-. |
| źródło hasła | kaba |
| 9 (RLIN) | 36526 |
| 651 #7 - Hasło przedmiotowe-nazwa geogr. | |
| nazwa geograficzna | Europa |
| określnik rzeczowy | zjednoczenie |
| określnik chronologiczny | 1990-. |
| źródło hasła | kaba |
| 9 (RLIN) | 36527 |
| 700 1# - Hasło dodatkowe - nazwa osobowa | |
| nazwa osobowa | Erenc, Janusz. |
| rodzaj współpracy | Redakcja |
| 9 (RLIN) | 36523 |
| 700 1# - Hasło dodatkowe - nazwa osobowa | |
| nazwa osobowa | Szopny, Aneta. |
| rodzaj współpracy | Redakcja |
| 9 (RLIN) | 36524 |
| 710 2# - Hasło dodatkowe - nazwa ciała zbior. | |
| nazwa ciała zbior. lub nazwa geogr. | Kaszubsko-Pomorska Szkoła Wyższa (Wejherowo). |
| rodzaj współpracy | Instytucja sprawcza |
| -- | Wydawca |
| kod rodzaju współpracy | pbl |
| 9 (RLIN) | 36522 |
| 710 2# - Hasło dodatkowe - nazwa ciała zbior. | |
| nazwa ciała zbior. lub nazwa geogr. | Wydawnictwo Maszoperia Literacka. |
| rodzaj współpracy | Druk |
| kod rodzaju współpracy | prt |
| 9 (RLIN) | 36521 |
| 920 ## - ISBN | |
| ISBN | 978-83-62129-98-0 (oprawa miękka) |
| 920 ## - ISBN | |
| ISBN | 978-83-62129-95-9 (oprawa twarda) |
| 942 ## - ADDED ENTRY ELEMENTS (KOHA) | |
| Source of classification or shelving scheme | Dewey Decimal Classification |
| Koha item type | pozycje dostępne na miejscu |
| Status wycofania | Status zagubienia | Klasyfikacja | Status uszkodzenia | Blokada wypożyczeń | Kolekcja | Lokalizacja macierzysta | Lokalizacja bieżąca | Data nabycia | Numer akcesji | Źródło akcesji | Cena | Nr inwentarzowy | il. wypożyczeń | Sygnatura | Kod kreskowy | Date last seen | Price effective from | Typ egz. |
|---|---|---|---|---|---|---|---|---|---|---|---|---|---|---|---|---|---|---|
| Dewey Decimal Classification | nieuszkodzona | książka w magazynie | Biblioteka Instytutu Północnego w Olsztynie | Biblioteka Instytutu Północnego w Olsztynie | 14/01/2026 | D-6/2026 | dar | 10.00 | 73709 | 73709 | IPWK21254 | 12/02/2026 | 12/02/2026 | pozycje dostępne na miejscu |